Moctezuma, el de la silla de oro / (Record no. 108302)
[ view plain ]
| 000 -LEADER | |
|---|---|
| campo de control de longitud fija | 00646nam a2200205 i 4500 |
| 001 - NÚMERO DE CONTROL | |
| campo de control | 108302 |
| 003 - IDENTIFICADOR DE NÚMERO DE CONTROL | |
| campo de control | ES-MaACL |
| 005 - FECHA Y HORA DE LA ÚLTIMA TRANSACCIÓN | |
| campo de control | 20250730063449.0 |
| 007 - CAMPO FIJO DE DESCRIPCIÓN FÍSICA--INFORMACIÓN GENERAL | |
| campo de control de longitud fija | t| |
| 008 - DATOS DE LONGITUD FIJA--INFORMACIÓN GENERAL | |
| campo de control de longitud fija | 061121s1971 mx r ||||1| spa d |
| 100 1# - ENTRADA PRINCIPAL--NOMBRE DE PERSONA | |
| Nombre de persona | Monterde, Francisco. |
| 9 (RLIN) | 82467 |
| 245 10 - MENCIÓN DEL TÍTULO | |
| Título | Moctezuma, el de la silla de oro / |
| Mención de responsabilidad, etc. | Francisco Monterde ; prólogo del Dr. Miguel León Portilla. |
| 250 ## - MENCION DE EDICION | |
| Mención de edición | Ed. facs. |
| 260 ## - PUBLICACIÓN, DISTRIBUCIÓN, ETC. | |
| Lugar de publicación, distribución, etc. | México : |
| Nombre del editor, distribuidor, etc. | Letras, |
| Fecha de publicación, distribución, etc. | 1971. |
| 300 ## - DESCRIPCIÓN FÍSICA | |
| Extensión | V, 111 p. : |
| Otras características físicas | il ; |
| Dimensiones | 23 cm. |
| 600 04 - PUNTO DE ACCESO ADICIONAL DE MATERIA--NOMBRE DE PERSONA | |
| Nombre de persona | Moctezuma II |
| Títulos y otros términos asociados al nombre | Emperador de México. |
| 9 (RLIN) | 81746 |
| 700 1# - ENTRADA AGREGADA--NOMBRE PERSONAL | |
| Nombre de persona | León-Portilla, Miguel |
| 9 (RLIN) | 71637 |
| 852 ## - LOCALIZACIÓN | |
| Ubicación | ES-MaACL |
| Número de control de estantería | E-9455 |
| Sublocalización o colección | R.94163 |
| Estatus retirado | Estado de pérdida | Estado de daño | No para préstamo | Biblioteca de origen | Biblioteca actual | Ubicación en estantería | Fecha de adquisición | Fuente de adquisición | Total de préstamos | Signatura topográfica completa | Código de barras | Visto por última vez | Precio de reemplazo | Tipo de ítem Koha |
|---|---|---|---|---|---|---|---|---|---|---|---|---|---|---|
| Biblioteca del Ateneo de Madrid | Biblioteca del Ateneo de Madrid | Depósito 2 | 17/01/2008 | E-9455 | 1113009 | 23/02/2023 | 23/02/2023 | Libro impreso |
